| 000 | 00807nam a2200193 u 4500 | ||
|---|---|---|---|
| 001 | 000249435 | ||
| 003 | AM-YeHGA | ||
| 005 | 20250617125001.0 | ||
| 008 | 030722s1998 ai r 000 0 arm d | ||
| 040 | _aAM-YeHGA | ||
| 245 | 1 | 0 |
_aՕպտոէլեկտրոնային կենսաբժշկական սարքեր : _bՈւս. ձեռնարկ / _cԺ.Գ. Դոխոլյան, Ս.Խ. Խուդավերդյան; ՀՀ կրթ. և գիտ. նախ. ԵՊՃՀ. |
| 260 |
_aԵրևան : _bՀՊՃՀ հրատ, _c1998. |
||
| 300 |
_a282 էջ : _bնկ. |
||
| 504 | _aԳրականությունը՝ 30 անուն | ||
| 650 | 1 | 4 | _aԲուժական սարքավորումներ |
| 700 | 1 | _aԽուդավերդյան, Ս.Խ. | |
| 710 | 2 | _aՀայաստանի պետական ճարտարագիտական համալսարան | |
| 090 | _c90516 | ||
| 999 |
_c89229 _d89229 |
||